Rubberinte uthpadanakshamathayum kaalavasthavyathiyanavum (Record no. 68237)

MARC details
000 -LEADER
fixed length control field 00336nam a2200133Ia 4500
100 ## - MAIN ENTRY--AUTHOR NAME
Personal name Satheesh P R
245 #0 - TITLE STATEMENT
Title Rubberinte uthpadanakshamathayum kaalavasthavyathiyanavum
260 ## - PUBLICATION, DISTRIBUTION, ETC. (IMPRINT)
Name of publisher Rubber
Year of publication 2012
300 ## - PHYSICAL DESCRIPTION
Number of Pages 13-14
650 ## - SUBJECT ADDED ENTRY--TOPICAL TERM
Topical Term Climate change
700 ## - ADDED ENTRY--PERSONAL NAME
Personal name Jacob J
942 ## - ADDED ENTRY ELEMENTS (KOHA)
Koha item type Journals
Holdings
Withdrawn status Lost status Damaged status Not for loan Home library Current library Shelving location Date acquired Serial Enumeration / chronology Koha item type
      Journals RRII Library RRII Library Climate change 18/06/2012 Volume 551, Issue Febru Journals